000 00676nam a2200205Ia 4500
005 20260121110337.0
008 008 260114s9999 xx 000 0 hin d
020 _a9788132353461
037 _aEBOOK
040 _aCRL
_bhin
_cCRL
041 _ahin
_2hin
084 _qCRL
100 _aमीनाक्षी राणा / Ramchandra Baitha
_9945026
245 0 _aपुस्तकालय सूचना तकनीकी / Pustakalay Soochna Takneek
260 _bभाषा प्रकाशन / Bhasha Prakashan
_c2020
856 _uhttps://bhashaprakashan.com/product-details/382442
942 _cEBOOK
999 _c1536690
_d1536690